| 000 | 00625nam a2200217 a 4500 | ||
|---|---|---|---|
| 005 | 20240911064838.0 | ||
| 008 | 050504s1980 mx r 000 0 spa d | ||
| 020 | _a968419160X | ||
| 035 | _aUPN01000138528 | ||
| 049 | _aCG | ||
| 050 | 4 |
_aHX312 _bG7.6 |
|
| 100 | 1 | _aGruppi, Luciano | |
| 245 | 1 | 3 |
_aEl pensamiento de Lenin / _cLuciano Gruppi ; tr. Nicolás Grab. |
| 260 |
_aMéxico : _bGrijalbo, _c1980. |
||
| 300 | _a353. | ||
| 440 | 0 |
_aTeoría y praxis ; _v56 |
|
| 534 |
_pTraducción de: _tIl pensiero de Lenin |
||
| 650 | 4 |
_aComunismo _zRusia _910282 |
|
| 600 | 1 | 4 |
_aLENIN, VLADIMIR ILICH, _d1870-1924 |
| 905 | _aLibro | ||
| 999 |
_c110676 _d110676 |
||